<?xml version="1.0" encoding="UTF-8"?>
<record
    xmlns:xsi="http://www.w3.org/2001/XMLSchema-instance"
    xsi:schemaLocation="http://www.loc.gov/MARC21/slim http://www.loc.gov/standards/marcxml/schema/MARC21slim.xsd"
    xmlns="http://www.loc.gov/MARC21/slim">

  <leader>01954nam a22002775i 4500</leader>
  <controlfield tag="001">20648775</controlfield>
  <controlfield tag="005">20240108150043.0</controlfield>
  <controlfield tag="008">180828s2019    inu           000 0 eng  </controlfield>
  <datafield tag="010" ind1=" " ind2=" ">
    <subfield code="a">  2018956541</subfield>
  </datafield>
  <datafield tag="040" ind1=" " ind2=" ">
    <subfield code="a">DLC</subfield>
    <subfield code="b">eng</subfield>
    <subfield code="e">rda</subfield>
    <subfield code="c">DLC</subfield>
  </datafield>
  <datafield tag="042" ind1=" " ind2=" ">
    <subfield code="a">pcc</subfield>
  </datafield>
  <datafield tag="082" ind1=" " ind2=" ">
    <subfield code="a">005.2762,FRI</subfield>
  </datafield>
  <datafield tag="100" ind1="1" ind2=" ">
    <subfield code="a">Matt, Frisbie.</subfield>
    <subfield code="9">119868</subfield>
  </datafield>
  <datafield tag="245" ind1="1" ind2="0">
    <subfield code="a">Professional javascript for web developers / </subfield>
    <subfield code="c">Matt Frisbie.</subfield>
  </datafield>
  <datafield tag="250" ind1=" " ind2=" ">
    <subfield code="a">4th edition.</subfield>
  </datafield>
  <datafield tag="263" ind1=" " ind2=" ">
    <subfield code="a">1902</subfield>
  </datafield>
  <datafield tag="264" ind1=" " ind2="1">
    <subfield code="a">Indianapolis, IN :</subfield>
    <subfield code="b">John Wiley &amp; Sons,</subfield>
    <subfield code="c">2019.</subfield>
  </datafield>
  <datafield tag="300" ind1=" " ind2=" ">
    <subfield code="a">1145p.</subfield>
  </datafield>
  <datafield tag="336" ind1=" " ind2=" ">
    <subfield code="a">text</subfield>
    <subfield code="b">txt</subfield>
    <subfield code="2">rdacontent</subfield>
  </datafield>
  <datafield tag="337" ind1=" " ind2=" ">
    <subfield code="a">unmediated</subfield>
    <subfield code="b">n</subfield>
    <subfield code="2">rdamedia</subfield>
  </datafield>
  <datafield tag="338" ind1=" " ind2=" ">
    <subfield code="a">volume</subfield>
    <subfield code="b">nc</subfield>
    <subfield code="2">rdacarrier</subfield>
  </datafield>
  <datafield tag="505" ind1=" " ind2=" ">
    <subfield code="a">Foreword  (Page-Xlvii), Introduction (Page-Xlix), What Is Javascript?  (Page-1), Javascript in Html  (Page-13), Language Basics  (Page-25), Variables, Scope, and Memory  (Page-101), Basic Reference Types (Page-125), Collection Reference Types (Page-167), Iterators and Generators (Page-225), Objects, Classes, and Object-Oriented Programming (Page-251), Proxies and Reflect (Page-323), Functions (Page-349), Promises and Async Functions (Page-391), The Browser Object Model (Page-437), Client Detection (Page-465),The Document Object Model (Page-491), Dom Extensions (Page-543), Dom Levels 2 and 3 (Page-563), Events (Page-601), Animation and Graphics with Canvas (Page-671), Scripting forms (Page-707), Javascript Apis (Page-743), Error Handling and Debugging (Page-823), Xml in Javascript (Page-849), Json (Page-861), Network Requests and Remote Resources (Page-871), Client-Side Storage (Page-919), Modules (Page-945), Workers (Page-969), Best Practices (Page-1035), Appendix A: Es2018 And Es2019 (Page-1067), Appendix B: Strict Mode (Page-1087), Appendix C: Javascript Libraries and Frameworks (Page-1095),Appendix D: Javascript Tools (Page-1101),Index (Page-1113).</subfield>
  </datafield>
  <datafield tag="906" ind1=" " ind2=" ">
    <subfield code="a">0</subfield>
    <subfield code="b">ibc</subfield>
    <subfield code="c">orignew</subfield>
    <subfield code="d">2</subfield>
    <subfield code="e">epcn</subfield>
    <subfield code="f">20</subfield>
    <subfield code="g">y-gencatlg</subfield>
  </datafield>
  <datafield tag="942" ind1=" " ind2=" ">
    <subfield code="2">ddc</subfield>
    <subfield code="c">BK</subfield>
    <subfield code="k">005.2762,FRI</subfield>
  </datafield>
  <datafield tag="999" ind1=" " ind2=" ">
    <subfield code="c">607395</subfield>
    <subfield code="d">607395</subfield>
  </datafield>
  <datafield tag="952" ind1=" " ind2=" ">
    <subfield code="0">0</subfield>
    <subfield code="1">0</subfield>
    <subfield code="2">ddc</subfield>
    <subfield code="4">0</subfield>
    <subfield code="7">0</subfield>
    <subfield code="a">MCS</subfield>
    <subfield code="b">MCS</subfield>
    <subfield code="c">REF</subfield>
    <subfield code="d">2024-01-08</subfield>
    <subfield code="l">0</subfield>
    <subfield code="o">005.2762,FRI</subfield>
    <subfield code="p">MCS38351</subfield>
    <subfield code="r">2024-01-08</subfield>
    <subfield code="w">2024-01-08</subfield>
    <subfield code="y">BK</subfield>
    <subfield code="z">Almirah No.17, Shelf No.6</subfield>
  </datafield>
</record>
